000
00313nam a2200121Ia 4500
003
GCL
008
140319s9999 xx 000 0 ara d
040
_a
GCL /
_c
GCL
082
0
4
_a
956.51
_b
س ت
100
1
_a
ستاركى، جان
245
1
0
_a
تدمر: عروس الصحراء /
_c
ستاركى، جان
490
_a
999
_c
37912
_d
37912